000 00544nam a2200205Ia 4500
005 20240823045850.0
008 240823s9999||||xx |||||||||||||| ||und||
020 _a978-81-7371-257-9
041 _aENGLISH
082 _A610.28 P9
100 _aRaja Rao C
245 0 _aprinciples of medical Electronics and Biomedical Instrumentation
250 _a1st
260 _c2009
_bUniversities Press Hydr
500 _aYES
650 _aBiomedical Instrumentation
_bBio Medical Engg.
700 _a Guha S K
942 _cBK
999 _c215938
_d215938